000 005950000a22001090004500
100 1 _aGonzález A, Juan Carlos
245 1 0 _aElla sabía enamorarlos : El centenario de Katharine Hepburn
300 _aVol.0, núm.19 (Abril, 2007), Páginas 22-23
520 _a'El veneno de las taquillas', como la llamaron en la década de los años treinta del siglo pasado, cumple un centenario de su natalicio este 12 de mayo. ¿Por qué puso de rodillas a Hollywood y se convirtió en el amor de toda una generación? Homenaje a una diva.
773 0 _tArcadia / Andrés Felipe Solano, Editor
942 _cANA
999 _c62093
_d62093